|
|
|
|
| LEADER |
01448nam a2200373Ia 4500 |
| 001 |
EBC476838 |
| 003 |
MiAaPQ |
| 005 |
20200520144314.0 |
| 006 |
m o d | |
| 007 |
cr cn||||||||| |
| 008 |
090925s2009 ne ab sb 000 0 eng d |
| 010 |
|
|
|z 2009933145
|
| 020 |
|
|
|z 1607500515
|
| 020 |
|
|
|z 9781607500513
|
| 035 |
|
|
|a (MiAaPQ)EBC476838
|
| 035 |
|
|
|a (Au-PeEL)EBL476838
|
| 035 |
|
|
|a (CaPaEBR)ebr10363641
|
| 035 |
|
|
|a (CaONFJC)MIL245467
|
| 035 |
|
|
|a (OCoLC)608567718
|
| 040 |
|
|
|a MiAaPQ
|c MiAaPQ
|d MiAaPQ
|
| 050 |
|
4 |
|a HD1697.N4
|b K37 2009
|
| 100 |
1 |
|
|a Karstens, Sonja.
|
| 245 |
1 |
0 |
|a Bridging boundaries
|h [electronic resource] :
|b making scale choices in multi-actor policy analysis on water management /
|c Sonja Karstens.
|
| 260 |
|
|
|a Amsterdam ;
|a Fairfax, VA :
|b IOS Press,
|c c2009.
|
| 300 |
|
|
|a xii, 316 p. :
|b ill., maps.
|
| 490 |
1 |
|
|a Deltares select series,
|x 1877-5608 ;
|v v. 4
|
| 504 |
|
|
|a Includes bibliographical references.
|
| 533 |
|
|
|a Electronic reproduction. Ann Arbor, MI : ProQuest, 2015. Available via World Wide Web. Access may be limited to ProQuest affiliated libraries.
|
| 650 |
|
0 |
|a Water resources development
|z Netherlands
|x Decision making.
|
| 650 |
|
0 |
|a Water
|z Netherlands
|x Management.
|
| 655 |
|
4 |
|a Electronic books.
|
| 710 |
2 |
|
|a ProQuest (Firm)
|
| 830 |
|
0 |
|a Deltares select series ;
|v v. 4.
|
| 856 |
4 |
0 |
|u https://ebookcentral.proquest.com/lib/matrademy/detail.action?docID=476838
|z Click to View
|